[Event "Karlsruhe Grenke op"]
[Site "Karlsruhe"]
[Date "2024.03.31"]
[Round "6"]
[White "Chittka, Julius"]
[Black "Krastev, Alexander"]
[Result "0-1"]
[WhiteElo "2326"]
[BlackElo "2457"]
[PlyCount "88"]
[EventDate "2024.03.28"]
[EventType "swiss"]
[EventRounds "9"]
[EventCountry "GER"]
[SourceTitle "CB14_2024"]
[SourceDate "2024.04.01"]
[SourceVersion "1"]
[SourceVersionDate "2024.04.01"]
[SourceQuality "1"]

1. d4 Nf6 2. Nf3 e6 3. Bf4 d5 4. e3 c5 5. Nbd2 Nc6 6. c3 cxd4 7. exd4 Nh5 8. Be3 Bd6 9. Ne5 g6 10. Nd3 0-0 11. g3 b6 12. Be2 Ng7 13. 0-0 f6 14. f4 Bd7 15. Bf3 Rc8 16. Bg2 Na5 17. Re1 Bb5 18. Qc2 Qd7 19. Bf2 Rfe8 20. a4 Ba6 21. Bf1 Nc4 22. Nxc4 dxc4 23. Nc1 Bb7 24. Bg2 Bd5 25. Be3 Nf5 26. Qf2 Qc6 27. Bd2 Bf8 28. Ne2 Nd6 29. g4 Ne4 30. Qe3 Nxc3 31. bxc3 Bxg2 32. Ng3 Bd5 33. Ne4 Bg7 34. g5 Bxe4 35. Qxe4 fxg5 36. fxg5 Qxe4 37. Rxe4 e5 38. dxe5 Rxe5 39. Rxe5 Bxe5 40. Re1 Rc5 41. Kg2 Kf7 42. Kf3 Ke6 43. Ke4 Rd5 44. Bf4 Bxc3 0-1

[Event "Staufer op 32nd"]
[Site "Schwaebisch Gmuend"]
[Date "2020.01.06"]
[Round "9"]
[White "Chittka, Julius"]
[Black "Buckels, Valentin"]
[Result "1/2-1/2"]
[WhiteElo "2304"]
[BlackElo "2459"]
[PlyCount "41"]
[EventDate "2020.01.02"]
[EventType "swiss"]
[EventRounds "9"]
[EventCountry "GER"]
[SourceTitle "CBM 194 Extra"]
[Source "ChessBase"]
[SourceDate "2020.03.31"]
[SourceVersion "1"]
[SourceVersionDate "2020.03.31"]
[SourceQuality "1"]

1. d4 d5 2. c4 e6 3. Nc3 a6 4. cxd5 exd5 5. Nf3 Nf6 6. Bg5 Be6 7. e3 Nbd7 8. Bd3 c6 9. 0-0 Bd6 10. e4 dxe4 11. Nxe4 Be7 12. Ng3 h6 13. Bd2 0-0 14. Re1 Re8 15. Rxe6 fxe6 16. Bg6 Rf8 17. Qe2 Nd5 18. Qxe6+ Kh8 19. Bc2 Rf6 20. Qe4 Nf8 21. Ne5 1/2-1/2

[Event "Staufer op 32nd"]
[Site "Schwaebisch Gmuend"]
[Date "2020.01.05"]
[Round "7"]
[White "Chittka, Julius"]
[Black "Iniyan, Panneerseluam"]
[Result "0-1"]
[WhiteElo "2304"]
[BlackElo "2494"]
[PlyCount "86"]
[EventDate "2020.01.02"]
[EventType "swiss"]
[EventRounds "9"]
[EventCountry "GER"]
[SourceTitle "CBM 194 Extra"]
[Source "ChessBase"]
[SourceDate "2020.03.31"]
[SourceVersion "1"]
[SourceVersionDate "2020.03.31"]
[SourceQuality "1"]

1. d4 Nf6 2. c4 g6 3. Nc3 Bg7 4. e4 d6 5. Nf3 0-0 6. Be2 e5 7. Be3 Ng4 8. Bg5 f6 9. Bh4 Nc6 10. d5 Ne7 11. Nd2 h5 12. h3 Nh6 13. g4 g5 14. Bg3 Ng6 15. f3 c5 16. Rb1 Rf7 17. b4 Bf8 18. bxc5 dxc5 19. Nf1 Rh7 20. Rh2 Nf7 21. Ne3 Nd6 22. Bf1 Nf4 23. Qd2 Rb8 24. Nb5 a6 25. Nc3 h4 26. Bxf4 exf4 27. Nf5 Bxf5 28. exf5 b5 29. cxb5 axb5 30. Re2 Nc4 31. Qd3 Ne3 32. Rxb5 c4 33. Qb1 Rxb5 34. Qxb5 Qe7 35. Ne4 Qe5 36. Rxe3 Qa1+ 37. Ke2 Ra7 38. Qe8 Qxa2+ 39. Ke1 Qa1+ 40. Kf2 fxe3+ 41. Kxe3 Qe1+ 42. Be2 Qg1+ 43. Kd2 Qd4+ 0-1

[Event "Staufer op 32nd"]
[Site "Schwaebisch Gmuend"]
[Date "2020.01.04"]
[Round "6"]
[White "Schroeder, Jan Christian"]
[Black "Chittka, Julius"]
[Result "1-0"]
[WhiteElo "2553"]
[BlackElo "2304"]
[PlyCount "63"]
[EventDate "2020.01.02"]
[EventType "swiss"]
[EventRounds "9"]
[EventCountry "GER"]
[SourceTitle "CBM 194 Extra"]
[Source "ChessBase"]
[SourceDate "2020.03.31"]
[SourceVersion "1"]
[SourceVersionDate "2020.03.31"]
[SourceQuality "1"]

1. e4 c5 2. Nf3 Nc6 3. d4 cxd4 4. Nxd4 Nf6 5. Nc3 e5 6. Ndb5 d6 7. Nd5 Nxd5 8. exd5 Nb8 9. a4 Be7 10. Be2 0-0 11. 0-0 Nd7 12. Bd2 a6 13. Na3 a5 14. Nc4 f5 15. f4 Qc7 16. Kh1 b6 17. Be3 Ba6 18. Na3 Bxe2 19. Qxe2 Rac8 20. c3 Bf6 21. Nb5 Qb8 22. g4 exf4 23. Bxf4 Rce8 24. Qc2 Be5 25. gxf5 Bxf4 26. Rxf4 Re5 27. Rg1 Rf7 28. c4 Qf8 29. Nd4 Nc5 30. Rfg4 Kh8 31. Qg2 Nd3 32. Qg3 1-0

[Event "Staufer op 32nd"]
[Site "Schwaebisch Gmuend"]
[Date "2020.01.04"]
[Round "5"]
[White "Vogel, Roven"]
[Black "Chittka, Julius"]
[Result "0-1"]
[WhiteElo "2465"]
[BlackElo "2304"]
[PlyCount "120"]
[EventDate "2020.01.02"]
[EventType "swiss"]
[EventRounds "9"]
[EventCountry "GER"]
[SourceTitle "CBM 194 Extra"]
[Source "ChessBase"]
[SourceDate "2020.03.31"]
[SourceVersion "1"]
[SourceVersionDate "2020.03.31"]
[SourceQuality "1"]

1. d4 Nf6 2. Nf3 g6 3. Nbd2 c5 4. dxc5 Qa5 5. a3 Qxc5 6. b4 Qc7 7. Bb2 Bg7 8. e3 0-0 9. c4 b6 10. Be2 Bb7 11. 0-0 d6 12. Rc1 Nbd7 13. Ne1 Rac8 14. Bf3 Bxf3 15. Nexf3 Qb7 16. Qb3 Rc7 17. e4 Nxe4 18. Nxe4 Qxe4 19. Rfe1 Qf4 20. g3 Qh6 21. Bxg7 Kxg7 22. Qb2+ Nf6 23. Kg2 Kg8 24. Rcd1 Qg7 25. Rd4 Rfc8 26. Qd2 Qf8 27. Qa2 Qd8 28. g4 Qf8 29. g5 Nh5 30. Nd2 Qg7 31. Nf3 Qf8 32. Nd2 Ng7 33. h4 Qd8 34. Qb3 Qd7 35. Nf1 b5 36. c5 Nf5 37. Rde4 dxc5 38. bxc5 Rxc5 39. Ng3 Rc3 40. Qb4 Nxg3 41. fxg3 Qd3 42. R4e3 Rc2+ 43. Kg1 Qf5 44. R3e2 Rxe2 45. Rxe2 Qf3 46. Rg2 Rc1+ 47. Kh2 Qf1 48. g4 Re1 49. Qd4 Rd1 50. Qe3 a5 51. h5 gxh5 52. gxh5 Qh1+ 53. Kg3 Qxh5 54. Rh2 Qg6 55. Qxe7 Rd3+ 56. Kf2 Rd5 57. Rg2 Qf5+ 58. Kg1 Rd1+ 59. Kh2 Qf4+ 60. Rg3 Rd3 0-1

[Event "Staufer op 32nd"]
[Site "Schwaebisch Gmuend"]
[Date "2020.01.03"]
[Round "3"]
[White "Chittka, Julius"]
[Black "Mohammadi Nia, Borna"]
[Result "1-0"]
[WhiteElo "2304"]
[BlackElo "2095"]
[PlyCount "63"]
[EventDate "2020.01.02"]
[EventType "swiss"]
[EventRounds "9"]
[EventCountry "GER"]
[SourceTitle "CBM 194 Extra"]
[Source "ChessBase"]
[SourceDate "2020.03.31"]
[SourceVersion "1"]
[SourceVersionDate "2020.03.31"]
[SourceQuality "1"]

1. Nf3 Nf6 2. b3 g6 3. Bb2 Bg7 4. g3 0-0 5. Bg2 d5 6. c4 dxc4 7. bxc4 c5 8. 0-0 Nc6 9. d3 Qb6 10. Qb3 Qxb3 11. axb3 Nh5 12. Bxg7 Nxg7 13. Nc3 Rb8 14. Nd2 a6 15. Bxc6 bxc6 16. Ra5 Ne6 17. Rb1 f5 18. Na4 f4 19. Nxc5 Rf5 20. Nde4 Nd4 21. Ra2 f3 22. exf3 Nxf3+ 23. Kg2 Nd4 24. b4 Kg7 25. Rbb2 Rh5 26. h4 h6 27. Nb3 Ne6 28. Nbd2 g5 29. Ra5 Nd4 30. f3 Kg6 31. hxg5 hxg5 32. g4 1-0

[Event "Staufer op 32nd"]
[Site "Schwaebisch Gmuend"]
[Date "2020.01.02"]
[Round "2"]
[White "Hahn, Florian"]
[Black "Chittka, Julius"]
[Result "1/2-1/2"]
[WhiteElo "2106"]
[BlackElo "2304"]
[PlyCount "33"]
[EventDate "2020.01.02"]
[EventType "swiss"]
[EventRounds "9"]
[EventCountry "GER"]
[SourceTitle "EXT 2021"]
[Source "ChessBase"]
[SourceDate "2020.10.23"]
[SourceVersion "1"]
[SourceVersionDate "2020.10.23"]
[SourceQuality "1"]

1. Nf3 c5 2. c4 Nc6 3. g3 g6 4. Bg2 Bg7 5. Nc3 e5 6. 0-0 d6 7. a3 Nge7 8. b4 Be6 9. Qb3 b5 10. d3 Rb8 11. Ng5 bxc4 12. dxc4 cxb4 13. Nxe6 fxe6 14. axb4 Rxb4 15. Qa2 0-0 16. Ba3 Rb7 17. Rad1 1/2-1/2

[Event "Innsbruck op 3rd"]
[Site "Innsbruck"]
[Date "2019.09.01"]
[Round "9"]
[White "Chittka, Julius"]
[Black "Soham, Das1111"]
[Result "0-1"]
[WhiteElo "2317"]
[BlackElo "2339"]
[PlyCount "86"]
[EventDate "2019.08.25"]
[EventType "swiss"]
[EventRounds "9"]
[EventCountry "AUT"]
[SourceTitle "EXT 2020"]
[Source "ChessBase"]
[SourceDate "2019.10.17"]
[SourceVersion "1"]
[SourceVersionDate "2019.10.17"]
[SourceQuality "1"]

1. d4 Nf6 2. c4 e6 3. Nf3 Bb4+ 4. Nbd2 b6 5. g3 Bb7 6. Bg2 0-0 7. 0-0 d5 8. Ne5 Nbd7 9. Nxd7 Qxd7 10. Nf3 Ne4 11. Qc2 Bd6 12. Be3 Qe7 13. Rac1 c5 14. cxd5 exd5 15. Nh4 cxd4 16. Nf5 Qf6 17. Nxd4 Bc5 18. Qd3 Rfe8 19. Rfd1 Re7 20. f3 Nd6 21. Bf2 Rae8 22. b3 Bc8 23. Rd2 Nf5 24. Nxf5 Bxf5 25. Qb5 Bd7 26. Qd3 Bf5 27. Qb5 Bd7 28. Qd3 Bb4 29. Rdd1 Rxe2 30. Qxd5 Bf5 31. Bd4 Qg6 32. Rc7 a5 33. Bf1 R2e6 34. Bb5 Rd6 35. Qc4 Red8 36. Rc6 Bc5 37. Rxc5 bxc5 38. Qxc5 h5 39. Rd2 Rd5 40. Qc4 Qd6 41. Bc5 Qe5 42. Re2 Qa1+ 43. Kf2 Bd3 0-1

[Event "Karlsruhe Grenke op"]
[Site "Karlsruhe"]
[Date "2019.04.21"]
[Round "7"]
[White "Chittka, Julius"]
[Black "Bronstein, Or"]
[Result "1-0"]
[WhiteElo "2268"]
[BlackElo "2387"]
[PlyCount "75"]
[EventDate "2019.04.18"]
[EventType "swiss"]
[EventRounds "9"]
[EventCountry "GER"]
[SourceTitle "CBM 189 Extra"]
[Source "ChessBase"]
[SourceDate "2019.06.03"]
[SourceVersion "1"]
[SourceVersionDate "2019.06.03"]
[SourceQuality "1"]

1. d4 Nf6 2. c4 g6 3. Nc3 d5 4. Nf3 Bg7 5. h4 dxc4 6. e4 c5 7. d5 b5 8. h5 0-0 9. hxg6 fxg6 10. Rh4 a6 11. Bg5 Qe8 12. e5 Nfd7 13. d6 e6 14. Nd5 Bb7 15. Ne7+ Kh8 16. Bd3 cxd3 17. Rxh7+ Kxh7 18. Kd2 Qxe7 19. dxe7 Re8 20. Qh1+ Kg8 21. Qh4 Bxf3 22. gxf3 Nxe5 23. Qh3 Kf7 24. Re1 Nbc6 25. f4 Rh8 26. Qg2 Rh2 27. Qg3 Nc4+ 28. Kxd3 Nxb2+ 29. Kc2 Rah8 30. f5 Be5 31. fxg6+ Ke8 32. Rxe5 Nb4+ 33. Kxb2 Rxf2+ 34. Kb3 Rhh2 35. Qxh2 Rxh2 36. g7 Rh3+ 37. Re3 c4+ 38. Kxb4 1-0

[Event "Reykjavik op"]
[Site "Reykjavik"]
[Date "2019.04.09"]
[Round "3"]
[White "Smith, Daniel S"]
[Black "Chittka, Julius"]
[Result "1/2-1/2"]
[WhiteElo "2047"]
[BlackElo "2268"]
[PlyCount "171"]
[EventDate "2019.04.08"]
[EventType "swiss"]
[EventRounds "9"]
[EventCountry "ISL"]
[SourceTitle "CBM 189 Extra"]
[Source "ChessBase"]
[SourceDate "2019.06.03"]
[SourceVersion "1"]
[SourceVersionDate "2019.06.03"]
[SourceQuality "1"]

1. d4 Nf6 2. Bf4 g6 3. Nc3 d5 4. e3 Bg7 5. h4 c5 6. Nb5 Na6 7. a4 0-0 8. Be2 Bd7 9. Nf3 Qa5+ 10. c3 c4 11. Ne5 Bxb5 12. axb5 Qxb5 13. Qb1 Nb8 14. h5 Nbd7 15. hxg6 hxg6 16. Bd1 Nxe5 17. dxe5 Ne4 18. Bc2 Qb6 19. f3 Nc5 20. Kf1 Nd3 21. Bxd3 cxd3 22. Ra4 Rac8 23. Rb4 Qa6 24. Rd4 Qb5 25. Rb4 Qa6 26. Rd4 Rc4 27. Rxd5 d2 28. Kf2 Qb6 29. Ke2 Rc5 30. Rxd2 Bxe5 31. Bh6 Rd8 32. Rhd1 Rxd2+ 33. Kxd2 Rb5 34. Kc2 Qc7 35. Rd3 Rb6 36. Qd1 Qc4 37. Kc1 Ra6 38. Kb1 Qa2+ 39. Kc1 Qc4 40. Kb1 Qa2+ 41. Kc1 Rb6 42. Qc2 Qa1+ 43. Qb1 Qa4 44. e4 Bd6 45. Be3 Rb5 46. Qc2 Qa1+ 47. Qb1 Qa5 48. Qc2 Rh5 49. Rd1 b5 50. Kb1 Qc7 51. Qe2 a5 52. Qc2 a4 53. Qd3 Qa5 54. Bc1 Rh2 55. Qe2 Rh5 56. Qd2 Qa8 57. Qd3 Qb7 58. Ka1 b4 59. cxb4 Qxb4 60. Bd2 Qb7 61. Bc3 Qa7 62. Qc4 Qc5 63. Qxa4 f6 64. Qc2 Kg7 65. Kb1 Qb6 66. Bd4 Qa6 67. Qd3 Qa4 68. Qc2 Qa6 69. Bc3 Rh8 70. Qd3 Qa4 71. Qd4 Qa6 72. Qd5 Rh5 73. Qd3 Qa4 74. Qd4 Qb3 75. Qd3 Rb5 76. Qc2 Qe6 77. g4 Be5 78. Bd4 Bxd4 79. Rxd4 Qb6 80. Qd2 Rb3 81. Rd7 Rxf3 82. Rxe7+ Kf8 83. Rd7 Rf1+ 84. Kc2 Qa6 85. Kb3 Rf3+ 86. Kb4 1/2-1/2

[Event "Reykjavik op"]
[Site "Reykjavik"]
[Date "2019.04.08"]
[Round "1"]
[White "Firouzja, Alireza"]
[Black "Chittka, Julius"]
[Result "1-0"]
[WhiteElo "2669"]
[BlackElo "2268"]
[PlyCount "45"]
[EventDate "2019.04.08"]
[EventType "swiss"]
[EventRounds "9"]
[EventCountry "ISL"]
[SourceTitle "CBM 189 Extra"]
[Source "ChessBase"]
[SourceDate "2019.06.03"]
[SourceVersion "1"]
[SourceVersionDate "2019.06.03"]
[SourceQuality "1"]

1. e4 c5 2. Nc3 Nc6 3. Bb5 Nd4 4. Bc4 e6 5. Nf3 Ne7 6. Nxd4 cxd4 7. Ne2 Nc6 8. 0-0 Bc5 9. d3 0-0 10. a3 d6 11. Ng3 Bd7 12. f4 Rc8 13. f5 Ne5 14. f6 g6 15. Qd2 Kh8 16. Qg5 d5 17. Rf4 Re8 18. Bb3 Nc6 19. Rh4 Bf8 20. e5 Ne7 21. Rxh7+ Kxh7 22. Qh4+ Kg8 23. Bh6 1-0

[Event "EU-ch 20th"]
[Site "Skopje"]
[Date "2019.03.20"]
[Round "3"]
[White "Veljanoski, Andrej"]
[Black "Chittka, Julius"]
[Result "0-1"]
[WhiteElo "2063"]
[BlackElo "2288"]
[PlyCount "92"]
[EventDate "2019.03.18"]
[EventType "swiss"]
[EventRounds "11"]
[EventCountry "MKD"]
[SourceTitle "CBM 189"]
[Source "ChessBase"]
[SourceDate "2019.04.29"]
[SourceVersion "1"]
[SourceVersionDate "2019.04.29"]
[SourceQuality "1"]

1. e4 c5 2. Nf3 Nc6 3. d4 cxd4 4. Nxd4 Nf6 5. Nc3 e5 6. Ndb5 d6 7. Bg5 a6 8. Na3 b5 9. Nd5 Be7 10. Bxf6 Bxf6 11. c3 Rb8 12. Nc2 Bg5 13. a4 bxa4 14. Ncb4 Nxb4 15. Nxb4 Bb7 16. Qxa4+ Kf8 17. Bd3 g6 18. Nc6 Bxc6 19. Qxc6 Rxb2 20. 0-0 Rb6 21. Qd5 Kg7 22. Bxa6 Qc7 23. c4 Rb2 24. Rab1 Rhb8 25. Rbd1 Qa7 26. Bb5 Rd8 27. Ra1 Qd4 28. Qxd4 exd4 29. f4 Bf6 30. Rf2 Rb3 31. Rf3 Re3 32. Kf2 Rxe4 33. Ra2 Rc8 34. Re2 Rxe2+ 35. Kxe2 Ra8 36. Kd3 Ra2 37. g4 Kf8 38. h3 Ke7 39. Ke4 h6 40. Kd5 g5 41. fxg5 hxg5 42. Ke4 Re2+ 43. Kd3 Rb2 44. Bc6 Be5 45. Bd5 f6 46. Rf5 Kd7 0-1

[Event "Prague op"]
[Site "Prague"]
[Date "2019.03.14"]
[Round "7"]
[White "Plischki, Sebastian"]
[Black "Chittka, Julius"]
[Result "1/2-1/2"]
[WhiteElo "2397"]
[BlackElo "2288"]
[PlyCount "72"]
[EventDate "2019.03.09"]
[EventType "swiss"]
[EventRounds "9"]
[EventCountry "CZE"]
[SourceTitle "CBM 189 Extra"]
[Source "ChessBase"]
[SourceDate "2019.06.03"]
[SourceVersion "1"]
[SourceVersionDate "2019.06.03"]
[SourceQuality "1"]

1. Nf3 c5 2. e4 Nc6 3. d4 cxd4 4. Nxd4 Nf6 5. Nc3 e5 6. Ndb5 d6 7. Bg5 a6 8. Na3 b5 9. Bxf6 gxf6 10. Nd5 f5 11. Bd3 Be6 12. 0-0 Bxd5 13. exd5 Ne7 14. c3 Bg7 15. Nc2 0-0 16. Re1 f4 17. a4 bxa4 18. Rxa4 a5 19. Bf1 f5 20. Qd2 Ng6 21. Rea1 Rb8 22. R1a2 e4 23. Kh1 Qh4 24. Ne1 Rbe8 25. f3 Qg5 26. Rxa5 Ne5 27. Be2 Qh4 28. Ra1 Qf2 29. Qd1 exf3 30. Nxf3 Ng4 31. Bb5 Qb6 32. Qf1 Nf2+ 33. Kg1 Ne4+ 34. Kh1 Nf2+ 35. Kg1 Ne4+ 36. Kh1 Nf2+ 1/2-1/2

[Event "Hamburg HSK Christmas op 4th"]
[Site "Hamburg"]
[Date "2018.12.30"]
[Round "7"]
[White "Chittka, Julius"]
[Black "Reddmann, Hauke"]
[Result "1/2-1/2"]
[WhiteElo "2279"]
[BlackElo "2256"]
[PlyCount "39"]
[EventDate "2018.12.27"]
[EventType "swiss"]
[EventRounds "7"]
[EventCountry "GER"]
[SourceTitle "CBM 188 Extra"]
[Source "ChessBase"]
[SourceDate "2019.02.26"]
[SourceVersion "1"]
[SourceVersionDate "2019.02.26"]
[SourceQuality "1"]

1. Nf3 Nf6 2. b3 d5 3. Bb2 g6 4. g3 Bg7 5. Bg2 c6 6. 0-0 Bf5 7. h3 Qc8 8. g4 Be6 9. d3 0-0 10. Nh2 Nxg4 11. Bxg7 Nxh2 12. Bxf8 Bxh3 13. Bxh3 Qxh3 14. Bxe7 Nxf1 15. Qxf1 Qg4+ 16. Qg2 Qxe2 17. Qg5 Qd1+ 18. Kg2 Nd7 19. Bb4 d4 20. Qe7 1/2-1/2

[Event "Hamburg HSK Christmas op 4th"]
[Site "Hamburg"]
[Date "2018.12.29"]
[Round "6"]
[White "Powierski, Emil"]
[Black "Chittka, Julius"]
[Result "1/2-1/2"]
[WhiteElo "2310"]
[BlackElo "2279"]
[PlyCount "33"]
[EventDate "2018.12.27"]
[EventType "swiss"]
[EventRounds "7"]
[EventCountry "GER"]
[SourceTitle "CBM 188 Extra"]
[Source "ChessBase"]
[SourceDate "2019.02.26"]
[SourceVersion "1"]
[SourceVersionDate "2019.02.26"]
[SourceQuality "1"]

1. e4 c5 2. Nf3 Nc6 3. c3 d5 4. exd5 Qxd5 5. d4 Bf5 6. Be3 cxd4 7. Nxd4 Nf6 8. Nxf5 Qxf5 9. Bd3 Qd5 10. 0-0 0-0-0 11. Be2 Qxd1 12. Rxd1 Rxd1+ 13. Bxd1 Nd5 14. Bc1 e6 15. Nd2 Ne5 16. Bc2 Be7 17. Nb3 1/2-1/2

[Event "Hamburg HSK Christmas op 4th"]
[Site "Hamburg"]
[Date "2018.12.29"]
[Round "5"]
[White "Spiric, Igor"]
[Black "Chittka, Julius"]
[Result "1/2-1/2"]
[WhiteElo "2277"]
[BlackElo "2279"]
[PlyCount "62"]
[EventDate "2018.12.27"]
[EventType "swiss"]
[EventRounds "7"]
[EventCountry "GER"]
[SourceTitle "CBM 188 Extra"]
[Source "ChessBase"]
[SourceDate "2019.02.26"]
[SourceVersion "1"]
[SourceVersionDate "2019.02.26"]
[SourceQuality "1"]

1. b3 e5 2. Bb2 Nc6 3. e3 Nf6 4. Bb5 e4 5. d3 a6 6. Bxc6 dxc6 7. dxe4 Qxd1+ 8. Kxd1 Nxe4 9. Ke2 Be6 10. f3 Nd6 11. Nh3 Bxh3 12. gxh3 f6 13. c4 Kf7 14. Nc3 Be7 15. Rad1 Rhd8 16. c5 Nb5 17. Na4 Rd5 18. Rxd5 cxd5 19. Rd1 Ke6 20. Bd4 Re8 21. Kf2 c6 22. Nb2 Bd8 23. a4 Nc7 24. Nd3 Kf7 25. b4 Be7 26. Rb1 Ra8 27. Rb2 Bf8 28. Rb1 g6 29. Nf4 Bh6 30. Ne2 Re8 31. h4 Ke6 1/2-1/2

[Event "Hamburg HSK Christmas op 4th"]
[Site "Hamburg"]
[Date "2018.12.28"]
[Round "3"]
[White "Chittka, Julius"]
[Black "Szobries, Torsten"]
[Result "1-0"]
[WhiteElo "2279"]
[BlackElo "2032"]
[PlyCount "57"]
[EventDate "2018.12.27"]
[EventType "swiss"]
[EventRounds "7"]
[EventCountry "GER"]
[SourceTitle "CBM 188 Extra"]
[Source "ChessBase"]
[SourceDate "2019.02.26"]
[SourceVersion "1"]
[SourceVersionDate "2019.02.26"]
[SourceQuality "1"]

1. Nf3 e6 2. b3 Nf6 3. Bb2 c5 4. e3 Be7 5. d4 0-0 6. Bd3 Nc6 7. 0-0 Qc7 8. c4 cxd4 9. exd4 d5 10. Nc3 dxc4 11. bxc4 Rd8 12. Qe2 Nb4 13. Bb1 b6 14. a3 Nc6 15. Ba2 Ba6 16. Nb5 Bxb5 17. cxb5 Na5 18. Ne5 Nd5 19. Rae1 Bf6 20. Rc1 Qb7 21. f4 g6 22. g4 Rac8 23. Qf3 Rxc1 24. Rxc1 Rc8 25. f5 Rxc1+ 26. Bxc1 Qc7 27. Bh6 Bxe5 28. fxe6 Bxd4+ 29. Kh1 1-0

[Event "Riga Tech op 8th"]
[Site "Riga"]
[Date "2018.08.07"]
[Round "2"]
[White "Praggnanandhaa, Rameshbabu"]
[Black "Chittka, Julius"]
[Result "1-0"]
[WhiteElo "2532"]
[BlackElo "2316"]
[PlyCount "73"]
[EventDate "2018.08.06"]
[EventType "swiss"]
[EventRounds "9"]
[EventCountry "LAT"]
[SourceTitle "CBM 185 Extra"]
[Source "ChessBase"]
[SourceDate "2018.07.29"]
[SourceVersion "1"]
[SourceVersionDate "2018.07.29"]
[SourceQuality "1"]

1. Nf3 c5 2. b3 Nf6 3. Bb2 g6 4. g3 Bg7 5. Bg2 0-0 6. c4 d5 7. cxd5 Nxd5 8. Bxg7 Kxg7 9. 0-0 Nc6 10. d4 cxd4 11. Nxd4 Ndb4 12. Nxc6 Nxc6 13. Bxc6 bxc6 14. Nc3 Qa5 15. Qd4+ Kg8 16. Rfd1 Be6 17. Na4 Rfd8 18. Qc5 Qb5 19. Qe3 Rd6 20. Rxd6 exd6 21. Rd1 Rd8 22. Nc3 Qa5 23. Qd4 c5 24. Qh4 Rf8 25. Ne4 Qxa2 26. Ng5 h5 27. Qe4 Qxb3 28. Rxd6 Bf5 29. Qe7 Qc3 30. e4 Qe1+ 31. Kg2 h4 32. gxh4 Qe2 33. Rd8 Bh3+ 34. Kxh3 Qf1+ 35. Kg3 Qg1+ 36. Kf3 Qh1+ 37. Ke2 1-0

[Event "Helsingor Xtracon op"]
[Site "Helsingor"]
[Date "2018.07.27"]
[Round "8"]
[White "Skousen, Nikolai"]
[Black "Chittka, Julius"]
[Result "1/2-1/2"]
[WhiteElo "2203"]
[BlackElo "2333"]
[PlyCount "60"]
[EventDate "2018.07.21"]
[EventType "swiss"]
[EventRounds "10"]
[EventCountry "DEN"]
[SourceTitle "CBM 185 Extra"]
[Source "ChessBase"]
[SourceDate "2018.07.29"]
[SourceVersion "1"]
[SourceVersionDate "2018.07.29"]
[SourceQuality "1"]

1. Nf3 c5 2. g3 g6 3. Bg2 Bg7 4. c3 Nf6 5. d4 cxd4 6. cxd4 d5 7. 0-0 0-0 8. Nc3 Ne4 9. Nxe4 dxe4 10. Ne5 Qd5 11. Be3 Nd7 12. Nxd7 Bxd7 13. f3 exf3 14. Bxf3 Qd6 15. Qd2 Bc6 16. d5 Bd7 17. Rfd1 Rfc8 18. Rac1 Bf5 19. Rxc8+ Rxc8 20. Rc1 Rxc1+ 21. Qxc1 a6 22. a3 h5 23. b4 Bf6 24. Bf4 Qb6+ 25. Kg2 Qd4 26. Be3 Qb2 27. Qxb2 Bxb2 28. a4 Bc8 29. Bc5 Kf8 30. Kf2 Ke8 1/2-1/2

[Event "Helsingor Xtracon op"]
[Site "Helsingor"]
[Date "2018.07.23"]
[Round "4"]
[White "Greeuw, Sietske"]
[Black "Chittka, Julius"]
[Result "0-1"]
[WhiteElo "1998"]
[BlackElo "2333"]
[PlyCount "56"]
[EventDate "2018.07.21"]
[EventType "swiss"]
[EventRounds "10"]
[EventCountry "DEN"]
[SourceTitle "CBM 185 Extra"]
[Source "ChessBase"]
[SourceDate "2018.07.29"]
[SourceVersion "1"]
[SourceVersionDate "2018.07.29"]
[SourceQuality "1"]

1. e4 c5 2. c3 d5 3. exd5 Qxd5 4. d4 Nc6 5. Nf3 Bf5 6. Bd3 Bxd3 7. Qxd3 e6 8. 0-0 Nf6 9. Na3 Be7 10. Bf4 0-0 11. Nc2 cxd4 12. c4 Qd7 13. Ne5 Nxe5 14. Bxe5 Rac8 15. Rfd1 Rfd8 16. Qb3 d3 17. Ne1 d2 18. Nf3 Ne4 19. Nxd2 Nxd2 20. Qg3 f6 21. Bf4 Bb4 22. a3 Ba5 23. Be3 Rxc4 24. b4 Bc7 25. f4 Bb6 26. Bxb6 axb6 27. Qe1 Rd4 28. Kh1 Rxf4 0-1

[Event "Helsingor Xtracon op"]
[Site "Helsingor"]
[Date "2017.07.30"]
[Round "10"]
[White "Tryggestad, Andreas Garberg"]
[Black "Chittka, Julius"]
[Result "1-0"]
[WhiteElo "2324"]
[BlackElo "2137"]
[PlyCount "91"]
[EventDate "2017.07.22"]
[EventType "swiss"]
[EventRounds "10"]
[EventCountry "DEN"]
[SourceTitle "CBM 179 Extra"]
[Source "ChessBase"]
[SourceDate "2017.08.23"]
[SourceVersion "1"]
[SourceVersionDate "2017.08.23"]
[SourceQuality "1"]

1. e4 d6 2. d4 Nf6 3. Nc3 e5 4. Nf3 Nbd7 5. Bc4 Be7 6. 0-0 0-0 7. Bb3 c6 8. Qe2 exd4 9. Nxd4 Nc5 10. Bc4 Qc7 11. a4 a5 12. Bf4 Re8 13. h3 Bf8 14. Qf3 Ncxe4 15. Nxe4 Rxe4 16. Rad1 Qb6 17. c3 d5 18. Bd3 Re8 19. Bc2 Qxb2 20. Qd3 g6 21. c4 c5 22. Be3 Qb6 23. Rb1 Qd8 24. Nb5 d4 25. Bf4 Bf5 26. Qb3 Bxc2 27. Qxc2 Rc8 28. Na7 Ra8 29. Rxb7 Ne4 30. Nb5 Nd6 31. Bxd6 Bxd6 32. Qd3 Qf6 33. g3 Rad8 34. Ra7 Qg5 35. Qf3 Re7 36. Rxa5 Bb8 37. Rd1 Rde8 38. h4 Re1+ 39. Rxe1 Rxe1+ 40. Kg2 Qd8 41. Ra8 Re8 42. a5 d3 43. a6 d2 44. a7 Bxa7 45. Rxd8 Rxd8 46. Nc3 1-0

[Event "Helsingor Xtracon op"]
[Site "Helsingor"]
[Date "2017.07.23"]
[Round "2"]
[White "Chittka, Julius"]
[Black "Agdestein, Simen"]
[Result "0-1"]
[WhiteElo "2137"]
[BlackElo "2604"]
[PlyCount "64"]
[EventDate "2017.07.22"]
[EventType "swiss"]
[EventRounds "10"]
[EventCountry "DEN"]
[SourceTitle "CBM 179 Extra"]
[Source "ChessBase"]
[SourceDate "2017.08.23"]
[SourceVersion "1"]
[SourceVersionDate "2017.08.23"]
[SourceQuality "1"]

1. d4 e6 2. c4 Nf6 3. Nc3 Bb4 4. f3 c5 5. d5 Nh5 6. Nh3 f5 7. Bg5 Nf6 8. e4 fxe4 9. fxe4 Bxc3+ 10. bxc3 e5 11. Be2 0-0 12. 0-0 d6 13. Nf2 Qe8 14. Qd2 Nbd7 15. Rae1 Qg6 16. Bf3 Nb6 17. Be2 Bd7 18. Qe3 Rf7 19. Kh1 Nh5 20. Nd1 h6 21. Rxf7 Qxf7 22. Rf1 Qg6 23. g4 Bxg4 24. Bxg4 hxg5 25. Be6+ Kh8 26. Bf7 Qh6 27. Qf3 Rf8 28. Ne3 g6 29. Qh3 Kg7 30. Ng4 Qh7 31. Be6 Rxf1+ 32. Qxf1 Ng3+ 0-1